Home Print Resources E-Books E-Journals IIMT Lecture Series Library Membership Form Book Recommendation Form Campus Tour Take AdmissionAbout Us Contact Us

COMPREHENSIVE AND COMMUNICATION SKILL IN ENGLISH (Record no. 44214)

000 -LEADER
fixed length control field 00450nam a22001817a 4500
003 - CONTROL NUMBER IDENTIFIER
control field OSt
005 - DATE AND TIME OF LATEST TRANSACTION
control field 20240403110343.0
008 - FIXED-LENGTH DATA ELEMENTS--GENERAL INFORMATION
fixed length control field 180521b xxu||||| |||| 00| 0 eng d
020 ## - INTERNATIONAL STANDARD BOOK NUMBER
International Standard Book Number NA
040 ## - CATALOGING SOURCE
Transcribing agency IIMT UNIVERSITY MEERUT
100 ## - MAIN ENTRY--PERSONAL NAME
Personal name BHATNAGAR MAHESH
245 ## - TITLE STATEMENT
Title COMPREHENSIVE AND COMMUNICATION SKILL IN ENGLISH
250 ## - EDITION STATEMENT
Edition statement 1ED
260 ## - PUBLICATION, DISTRIBUTION, ETC.
Place of publication, distribution, etc. NEW DELHI
Name of publisher, distributor, etc. RAMA PUB
Date of publication, distribution, etc. 2016
300 ## - PHYSICAL DESCRIPTION
Other physical details 160
856 ## - ELECTRONIC LOCATION AND ACCESS
Materials specified PAPERBACK
942 ## - ADDED ENTRY ELEMENTS (KOHA)
Source of classification or shelving scheme
Koha item type Text-Book- for 7 days
Edition 1ST
Holdings
Withdrawn status Lost status Source of classification or shelving scheme Damaged status Not for loan Home library Current library Date acquired Source of acquisition Cost, normal purchase price Inventory number Total Checkouts Barcode Date last seen Date last checked out Uniform Resource Identifier Cost, replacement price Price effective from Koha item type
          IIMT University Central Library Meerut IIMT University Central Library Meerut 05/21/2018 RAMA PUB 75.00 18-19/78-7/5/2018 1 01-B-126463 09/11/2024 02/09/2024 ENGLISH COMMUNICATION 75.00 05/21/2018 Book Bank
IIMT, Central Library. All Rights Reserved IIMT,UNIVERSITY © 2023
Implemented and Customised by I CLOUDE EMS
You Are OPAC Visitor No
free web counter

Powered by Koha